000 01178nam a22003257a 4500
001 000615
003 DO-SdBNP
005 20180131150527.0
007 000615
008 161027b 1991 sp a ||||| |||| 00| 0 spa d
020 _a8427249330
040 _aBPMSU
_bspa
_cBPMSU
041 1 7 _aspa
_heng
082 _axxxx
_bxxxx
100 1 _aArden, William,
_d1924-2005.
240 1 0 _aThe mystery of the purple pirate.
_lEspañol
245 1 0 _aMisterio del pirata púrpura /
_cpor William Arden ; basado en los personajes creados por Robert Arthur ; traducción de Esteban Riambau ; ilustraciones de R. Escolano.
260 _aBarcelona :
_bMolino,
_c1991
300 _a173 p. :
_bil. ;
_c21 cm.
490 1 _aAlfred Hitchcock y los tres investigadores
_v33
500 _aTraducción de: The mystery of the purple pirate.
650 _aCuentos infantiles estadounidenses.
700 1 _aArthur, Robert
700 1 _aRiambau, Esteve,
_d1925-1994.
_etr.
700 1 2 _aEscolano, Ramón,
_eil.
830 0 _aAlfred Hitchcock y los tres investigadores ;
_v33
942 _2ddc
_cBK
945 _aInventariado, 2018/ YL
956 _2LOPEREZ
_310
_620161028
_8BPMSU
_a00041
999 _c11714
_d11714